| 000 | 00783nam a2200241 i 4500 | ||
|---|---|---|---|
| 001 | bgj | ||
| 100 | 1 | _aLAVERY, Clare | |
| 245 | 1 | 0 |
_aFocus on Britain today : _b[cultural studies for the language classroom] / _cClare Lavery. |
| 260 |
_aHemel Hempstead, England : _bPhoenix ELT, _c1995. |
||
| 300 |
_a122 pp : _bill., maps, phot. colour ; _c28 cm. |
||
| 500 | _a1st publ. 1993 by Macmillan Publishers Ltd. | ||
| 650 | 9 | _aEnglish language | |
| 650 | 9 |
_aReaders _zGreat Britain |
|
| 651 | 9 |
_aGreat Britain _xSocial life and culture |
|
| 655 | _aTextbooks for foreigners | ||
| 655 | _aProblems, excercises, etc. | ||
| 020 | _a0134016629 (pbk) | ||
| 040 | _cBPK | ||
| 041 | 0 | _aeng | |
| 920 | _a0-13-401662-9 (pbk) | ||
| 942 | _cKS | ||
| 008 | s uk f |000 0 eng | ||
| 999 |
_c50154 _d50154 |
||
| 856 |
_uhttp://koha.tu.koszalin.pl/cgi-bin/koha/opac-detail.pl?biblionumber=50154 _yKatalog online BPK |
||